000 00471cam a2200157 a 4500
020 _a0534228968 (hc : acidâ‚‹free paper)
050 0 0 _aQA276
_b.D48 1997
100 1 _aDevore, Jay L.
245 1 0 _aStatistics :
_bthe exploration and analysis of data /
_cJay Devore, Roxy Peck.
250 _a3rd ed.
260 _aBelmont, CA :
_bDuxbury Press,
_cc1997.
300 _axii, 641 p. :
500 _a"An Alexander Kuguslev book."
700 1 _aPeck, Roxy.
942 _2lcc
_cGEN
999 _c10308
_d10308